000 00376nam a2200145Ia 4500
008 150201s2004 xx 000 0 und d
082 _a610
_bM2004T
100 _aTICRNEY,L.M
245 _a2004 CURRENT MEDICAL DIAGNOSIS & TREATMENT
250 _a1ST
260 _bMc-GRAW-HILL L PUBLISHING
_aBOSTON LONDON
_c2004
300 _a1-1863
650 _aMEDICINE
942 _2ddc
_cBK
999 _c4039
_d4039